| 000 | 00445nam a2200181Ia 4500 | ||
|---|---|---|---|
| 001 | 5112 | ||
| 005 | 20260306145844.0 | ||
| 008 | 260306t2000||||xx |||||||||||||| ||spa|| | ||
| 041 | _aESP | ||
| 082 |
_a333.7 _bB82 |
||
| 100 |
_aBrean Donald (ed.) _eAUT |
||
| 245 | 0 |
_aRecursos naturales y desarrollo: _bun diálogo canadiense latinoamericano |
|
| 260 | _c2000 | ||
| 300 |
_a _c |
||
| 650 | _aGEN | ||
| 654 | _aCAN | ||
| 942 |
_cLIB _dJUS _fJUS _2ddc _n |
||
| 999 |
_c5112 _d5112 |
||